000 02694nam a2200337Ia 4500
008 130821s1618 ne gr lat
040 _aCo-BoUCM
_bspa
041 0 _alat
092 _aE21N005
100 1 _aFarinacci, Prospero
_d1554-1618
242 0 0 _aTeoría y práctica criminal extensa de Próspero Farinacci. Parte cuarta. Quinta parte de las obras sobre derecho pena
_cPróspero Farinaccil
_yspa
245 1 0 _aDN. Prosperi Farinacii ... praxis et theoricae criminalis amplissimae pars quidem quarta ast operum criminalium pars quinta
246 1 3 _a[Teoría y práctica criminal extensa de Próspero Farinacci. Parte cuarta. Quinta parte de las obras sobre derecho penal]
260 _aDouai (Holanda)
_bex officina Marci Wyon [Imprenta y tipografía de Marcos Wyon]
_c1618
300 _a[8], 551, [130] páginas
500 _aDatos de pie de imprenta confirmados con edición en línea.
500 _aDetalles físicos: Encuadernación flexible en pergamino, piel rota, manchada y arrugada. Tapas perforadas. Conserva guardas desprendidas, portada impresa a dos tintas incompleta. Dedicatoria al Papa Paulo V y al Cardenal Escipione Borghese. Texto impreso en dos columnas muy densas, con diversos tipos y tamaños de letra. Márgenes amplios. Párrafos numerados. Cenefas de encabezamiento y mayúsculas capitales. Signaturas y Reclamos. Papel ordinario, hoy muy manchado. En el pág. 1 anotación manuscrita: "Colegio Mayor de Nuestra Señora del Rosario". Y en pág. 60 otra anotación : "Es del Colegio Mayor de Nuestra Señora del Rosario del Real Patronato de Santa Fe".
500 _aEdición en línea incluye otra obra el mismo autor.
500 _aTitulo asignado desde lo visible de la portada y el encabezado de la pag. 1. y confirmados con la edición en línea.
504 _aIncluye índice.
505 0 _aV.4: Sobre el delito de lesa majestad. ; Sobre el homicidio. ; Sobre los autores intelectuales ["mandator"], los cómplices ["auxiliator"] y los que aconsejaron ["consultor"]. ; Sobre los delitos carnales.
506 _aConsulta en sala.
546 _aTexto en latín.
650 0 4 _aDerecho antiguo
_xObras anteriores a 1700
_912707
650 0 4 _aDerecho civil
_912711
650 0 4 _aDerecho civil
_xObras anteriores a 1700
_912711
650 0 4 _aProceso penal
_xObras anteriores a 1700
_922389
856 4 1 _zDisponible en línea V.4
_uhttp://books.google.com.co/books?id=TqY_AAAAcAAJ&printsec=frontcover&dq=operum+criminalium+1618&source=bl&ots=RrUhYkerAh&sig=30KJOSp5DrDkfgAqrW9W66pDUTg&hl=es&sa=X&ei=mqQFUJy7EoPM9QSJ4eX5Bw&ved=0CEsQ6AEwBTgK#v=onepage&q&f=false
942 _cLIBRO
_a8
_e1
_2DEWEY
_h345.04
999 _c37688
_d37688